[Event "Championnat de France des Jeunes - Benj"]
[Site "LA ROCHE SUR YON"]
[Date "2008.04.21"]
[Round "3.14"]
[White "Figiel, Alexis"]
[Black "Duff, Rufus"]
[Result "1-0"]
[WhiteElo "1890"]
[BlackElo "1507"]
[Annotator "Salaun,Michel"]
[PlyCount "75"]
[EventDate "2008.04.23"]
[EventType "swiss"]
[EventRounds "5"]
[EventCountry "FRA"]

1. Nf3 d5 2. d4 c6 3. g3 Nf6 4. Bg2 Bg4 5. c3 Nbd7 6. Qb3 Nb6 7. a4 a5 8. Bg5
e6 9. Ne5 Bh5 10. Nd2 h6 11. Bxf6 gxf6 12. Nd3 Rb8 13. Nf4 Bg6 14. Bh3 e5 15.
Nxg6 fxg6 16. dxe5 fxe5 17. Nf3 e4 18. Nd4 Nc4 19. Ne6 Qd6 20. O-O-O b5 21.
Nxf8 Rxf8 22. Bg2 Qc7 23. Rhf1 bxa4 24. Qxa4 Nxb2 25. Qd4 Nxd1 26. Rxd1 Qe7 27.
Qa4 Rxf2 28. Qxc6+ Kf7 29. Qxd5+ Kf8 30. Bxe4 Qa3+ 31. Kd2 Qe7 32. Ke1 Rxh2 33.
Qd4 Kg8 34. Qc4+ Kh8 35. Qc6 Qg5 36. Qc7 Kg8 37. Qxb8+ Kf7 38. Rd7+ 1-0

[Event "Championnat de France des Jeunes - Benj"]
[Site "LA ROCHE SUR YON"]
[Date "2008.04.21"]
[Round "3.15"]
[White "Luciani, Thibault"]
[Black "Muheim, Sebastien"]
[Result "1/2-1/2"]
[WhiteElo "1779"]
[BlackElo "1972"]
[Annotator "Salaun,Michel"]
[PlyCount "55"]
[EventDate "2008.04.23"]
[EventType "swiss"]
[EventRounds "5"]
[EventCountry "FRA"]

1. e4 c5 2. Nc3 d6 3. g3 g6 4. Bg2 Bg7 5. d3 Nc6 6. Be3 Rb8 7. Qd2 b5 8. Nd1 e6
9. c3 Bb7 10. Ne2 Nf6 11. h3 O-O 12. O-O Ne7 13. Bh6 Bxh6 14. Qxh6 c4 15. dxc4
Nxe4 16. cxb5 Nf5 17. Qc1 Qb6 18. Ne3 Rfd8 19. Nxf5 gxf5 20. Bxe4 Bxe4 21. Qg5+
Kf8 22. Nd4 Rd7 23. Qf6 Kg8 24. Qg5+ Kh8 25. Qf6+ Kg8 26. Qg5+ Kh8 27. Qf6+ Kg8
28. Qg5+ 1/2-1/2

[Event "Championnat de France des Jeunes - Benj"]
[Site "LA ROCHE SUR YON"]
[Date "2008.04.22"]
[Round "4.12"]
[White "Peyre, Thomas"]
[Black "Cazottes, Guillaume"]
[Result "1-0"]
[WhiteElo "1911"]
[BlackElo "1835"]
[Annotator "Salaun,Michel"]
[PlyCount "113"]
[EventDate "2008.04.23"]
[EventType "swiss"]
[EventRounds "5"]
[EventCountry "FRA"]

1. e4 e6 2. d4 d5 3. Nd2 Nf6 4. e5 Nfd7 5. Bd3 c5 6. c3 Nc6 7. Ne2 Qb6 8. Nf3
cxd4 9. cxd4 Bb4+ 10. Bd2 Bxd2+ 11. Qxd2 Qb4 12. a3 Qxd2+ 13. Nxd2 a6 14. Rc1
O-O 15. b4 Nb6 16. Nb3 Na4 17. Rc2 Bd7 18. Nc3 Nxc3 19. Rxc3 Rfc8 20. Kd2 Ne7
21. Nc5 Bc6 22. Rhc1 g6 23. g4 Kg7 24. f4 h5 25. gxh5 gxh5 26. Rg1+ Kh6 27. Rg5
Rg8 28. h4 Ng6 29. Bxg6 Rxg6 30. Rcg3 Rag8 31. Ke3 Rxg5 32. fxg5+ Kg6 33. Rf3
b6 34. Nd3 Kg7 35. Rf6 Rh8 36. Nf4 Be8 37. g6 Rh6 38. Kf3 Rh8 39. gxf7 Bxf7 40.
Nxe6+ Bxe6 41. Rxe6 Rf8+ 42. Kg3 Rc8 43. Rxb6 Rc3+ 44. Kf4 Rxa3 45. Rd6 Rb3 46.
Rxd5 Rxb4 47. Ke4 Rb1 48. Kf5 Rg1 49. Rd7+ Kf8 50. d5 Rg4 51. Ra7 Rxh4 52. Rxa6
Rh1 53. d6 h4 54. Ra8+ Kf7 55. d7 h3 56. e6+ Kg7 57. d8=Q 1-0

[Event "Championnat de France des Jeunes - Benj"]
[Site "LA ROCHE SUR YON"]
[Date "2008.04.22"]
[Round "4.11"]
[White "Civit, Pierre"]
[Black "Rakotoniaina, Erwin"]
[Result "1-0"]
[WhiteElo "1800"]
[BlackElo "1920"]
[Annotator "Salaun,Michel"]
[PlyCount "76"]
[EventDate "2008.04.23"]
[EventType "swiss"]
[EventRounds "5"]
[EventCountry "FRA"]

1. c4 c5 2. Nf3 e6 3. Nc3 Nf6 4. g3 Be7 5. Bg2 O-O 6. O-O Nc6 7. d4 cxd4 8.
Nxd4 a6 9. b3 Rb8 10. Bb2 Qc7 11. Rc1 Rd8 12. Nd5 exd5 13. cxd5 Qb6 14. Nf5 g6
15. dxc6 gxf5 16. c7 Ra8 17. cxd8=Q+ Qxd8 18. Qd3 d6 19. Rfd1 Ne8 20. Rc2 Ng7
21. Qd4 Bf8 22. h4 Rb8 23. Qf6 Qa5 24. Bc3 Qc5 25. Rd5 Qc7 26. h5 Be6 27. Rdd2
h6 28. Qxh6 f4 29. Bxg7 Bxg7 30. Qxg7+ Kxg7 31. Rxc7 fxg3 32. fxg3 d5 33. Rd3
Rh8 34. Bxd5 Bxd5 35. Rxd5 Kf6 36. Kf2 Ke6 37. Rcd7 Rxh5 38. Rxh5 Kxd7 1-0

[Event "Championnat de France des Jeunes - Benj"]
[Site "LA ROCHE SUR YON"]
[Date "2008.04.22"]
[Round "4.13"]
[White "Ollier, Milan"]
[Black "Treand, Victor"]
[Result "1-0"]
[WhiteElo "1893"]
[BlackElo "1797"]
[Annotator "Salaun,Michel"]
[PlyCount "53"]
[EventDate "2008.04.23"]
[EventType "swiss"]
[EventRounds "5"]
[EventCountry "FRA"]

1. e4 d5 2. exd5 Qxd5 3. Nc3 Qa5 4. Bc4 Nf6 5. d3 Bf5 6. Bd2 c6 7. Qe2 e6 8. h3
Qd8 9. g4 Bg6 10. f4 Be7 11. Nf3 Nbd7 12. a4 O-O 13. O-O-O a6 14. Rdg1 b5 15.
Ba2 Bc5 16. f5 exf5 17. gxf5 Bxg1 18. fxg6 hxg6 19. Rxg1 Nc5 20. Rxg6 Kh8 21.
Rg5 Ncd7 22. Qg2 Ne8 23. Nh4 Qf6 24. Ne4 Qd4 25. Nf5 Qxa4 26. Rh5+ Kg8 27. Ne7#
1-0

[Event "Championnat de France des Jeunes - Benj"]
[Site "LA ROCHE SUR YON"]
[Date "2008.04.22"]
[Round "4.14"]
[White "Neri, Jean-Baptiste"]
[Black "Barbaras, Mathieu"]
[Result "1/2-1/2"]
[WhiteElo "1890"]
[BlackElo "1791"]
[Annotator "Salaun,Michel"]
[PlyCount "80"]
[EventDate "200.04.22"]
[EventType "swiss"]
[EventRounds "4"]
[EventCountry "FRA"]

1. e4 c5 2. Nf3 Nc6 3. d4 cxd4 4. Nxd4 g6 5. c4 Bg7 6. Be3 Nf6 7. Nc3 d6 8. Be2
O-O 9. Qd2 Nxd4 10. Bxd4 Be6 11. O-O Qa5 12. Be3 Rfc8 13. Nd5 Qxd2 14. Bxd2
Bxd5 15. exd5 b5 16. Rac1 bxc4 17. Bf3 Nd7 18. Bc3 Bxc3 19. Rxc3 Ne5 20. Be2
Rab8 21. f4 Nd7 22. Rc2 Nb6 23. Bf3 Na4 24. Rb1 a5 25. g3 Nb6 26. Rbc1 Kg7 27.
Bg4 Rc5 28. b3 Nxd5 29. Rxc4 Rxc4 30. Rxc4 Ne3 31. Rc8 Rxc8 32. Bxc8 e5 33.
fxe5 dxe5 34. Kf2 Nd5 35. a3 Kf6 36. Bb7 Ke6 37. Bc8+ Kd6 38. g4 Ne7 39. Ba6
Kc5 40. g5 Nd5 1/2-1/2